00981cam a22002774a 4500999001900000001000900019003000500028005001700033008004100050010001700091020001500108040001800123042000800141050002500149082002300174245012400197260005600321300003200377500000800409504005100417650003100468700003200499906004500531942001800576952010900594 c342273d34227313107397NUST20171215101938.0030228s2003 paua b 001 0 eng  a 2003045100 a080313357X aDLCcDLCdDLC apcc00aQR53.5.P48bF84 200300a662.601576 FRE22100aFuel and fuel system microbiology-- fundamentals, diagnosis, and contamination control /cFrederick J. Passman, Editor. aWest Conshohocken, PA :bASTM International,c2003. ax, 114 p. :bill. ;c28 cm. aP.B aIncludes bibliographical references and index. 0aFuelsxMicrobiology.973241 aPassman, Frederick J.97325 a7bcbccorignewd1eocipf20gy-gencatlg 2ddccBKkIESE 00102ddc40708NFICaCLbCLcGENd2017-12-15l0o662.601576 FREpIESE-1167r2017-12-15w2017-12-15yBK